[Event "AUTO-BEG-345"]
[Site "http://www.queenalice.com/game.php?id=663857"]
[Date "2009.10.7"]
[Round "1"]
[White "marcotul"]
[Black "renanr3"]
[Result "0-1"]
[WhiteElo "1451"]
[BlackElo "1255"]

1. e4 d5 2. d3 c6 3. Nc3 f5 4. exf5 Bxf5 5. Nf3 g6 6. Ng5 e6 7. Be2 h6 8. Nf3 g5
9. Ne5 Rh7 10. Bh5+ Ke7 11. Ng6+ Kf6 12. O-O Bxg6 13. Qf3+ Kg7 14. Bg4 Qd6 15.
Re1 h5 16. Bxe6 g4 17. Qe3 h4 18. Bxg4 Qf6 19. b3 Bh5 20. f3 Qxc3 21. Qg5+ Kf7
22. Bxh5+ Rxh5 23. Qxh5+ Kg7 24. Re6 Qxa1 25. Qg6+ Kh8 26. Qh5+ Bh6 27. Kf2 Qd4+
28. Be3 Qg7 29. Bxh6 Nxh6 30. Rxh6+ Qxh6 31. Qxh6+ Kg8 32. g4 Nd7 33. g5 Kf7 34.
g6+ Ke7 35. Qxh4+ Nf6 36. g7 Rg8 37. Qh6 Kf7 38. f4 Rxg7 39. f5 Ng4+ 40. Kg3
Nxh6+ 41. Kf4 Kf6 42. c4 dxc4 43. dxc4 Rg2 44. h3 Rxa2 45. b4 Rb2 46. b5 cxb5
47. c5 b4 48. h4 Rf2+ 49. Ke4 b3 50. h5 b2 51. c6 b1=Q+ 52. Kd5 Qxf5+ 0-1

[Event "AUTO-BEG-345"]
[Site "http://www.queenalice.com/game.php?id=663858"]
[Date "2009.10.7"]
[Round "1"]
[White "renanr3"]
[Black "AndreBerton"]
[Result "0-1"]
[WhiteElo "1193"]
[BlackElo "1378"]

1. d4 e6 2. f3 Qh4+ 3. g3 Qh5 4. c3 Bd6 5. f4 Nf6 6. Qd3 Ng4 7. Qf3 Nc6 8. h3 f5
9. hxg4 Qg6 10. g5 b6 11. d5 Nb8 12. dxe6 dxe6 13. Qxa8 O-O 14. Qxb8 Ba6 15.
Qxa7 Bc4 16. Nd2 Bb5 17. e3 Bc6 18. Qa6 Ra8 19. Qc4 Bxh1 20. Bd3 Bd5 21. Qb5 Qh5
22. a4 Ra5 23. Qd7 Ra8 24. c4 Bg2 25. Qxe6+ Kf8 26. Qxf5+ Ke7 27. Qxh7 Qf7 28.
g6 Qf6 29. e4 Bc5 30. Qh2 Bxe4 31. Bxe4 Qe6 32. g4 Qxg4 33. Ndf3 Rd8 34. Bd2 Qe6
35. b4 Qxe4+ 36. Kd1 Bxb4 37. Qh4+ Ke8 38. Qh8+ Bf8 39. Ra3 Qxf4 40. Nh4 Qxd2#
0-1

[Event "AUTO-BEG-345"]
[Site "http://www.queenalice.com/game.php?id=663859"]
[Date "2009.10.7"]
[Round "1"]
[White "AndreBerton"]
[Black "renanr3"]
[Result "0-1"]
[WhiteElo "1387"]
[BlackElo "1184"]

1. e3 e5 2. Nf3 f6 3. Bc4 d5 4. Bb5+ c6 5. Ba4 b5 6. Bb3 a5 7. a4 b4 8. Nh4 g5
9. Qh5+ Ke7 10. Nf3 c5 11. h4 e4 12. hxg5 exf3 13. Qxf3 Ra6 14. Bxd5 h6 15. Qe4+
Kd6 16. c4 fxg5 17. b3 Nf6 18. Qg6 Kc7 19. Qf7+ Nbd7 20. Bb2 Nxd5 21. Qxd5 Rd6
22. Qf7 Rf6 23. Bxf6 Qxf6 24. Qxf6 Nxf6 25. d3 h5 26. Nd2 Be7 27. Nf3 Bf5 28.
Nxg5 Bxd3 29. Rd1 Bc2 30. Ne6+ Kc6 31. Rd2 Bxb3 32. Rh4 Bxa4 33. Nf4 Bb3 34. Ng6
Re8 35. g3 a4 36. Ne5+ Kc7 37. Rh1 Bd6 38. Nf7 Ne4 39. Rd3 Bxc4 40. Rd1 Bxf7 41.
Rh4 Re5 42. Rf4 Be6 43. Ke2 b3 0-1

[Event "Challenge"]
[Site "http://www.queenalice.com/game.php?id=723051"]
[Date "2010.1.30"]
[Round "-"]
[White "drgnchck"]
[Black "renanr3"]
[Result "0-1"]
[WhiteElo "1277"]
[BlackElo "1267"]

1. e4 d5 2. Nc3 dxe4 3. Nxe4 h5 4. Nf3 g6 5. d4 f5 6. Nc5 c6 7. h4 b6 8. Ne6
Bxe6 9. c3 a5 10. Bg5 Qd6 11. g3 b5 12. Qd3 Bc4 13. Qe3 Bh6 14. b3 Be6 15. O-O-O
b4 16. Ne5 Bd5 17. Nxg6 Qxg6 18. Re1 Bxg5 19. hxg5 Bxh1 20. Bc4 Bd5 21. cxb4
axb4 22. Qe5 Qxg5+ 23. Kb2 Qd2+ 24. Kb1 Bf3 25. Qxf5 Qxe1+ 26. Kb2 Bg4 27. Qc2
Bd1 28. Qc1 e5 29. dxe5 Qxe5+ 30. Kb1 Qe1 31. Be6 Qe2 32. Qxd1 Qxd1+ 33. Kb2
Qd2+ 34. Kb1 Rxa2 0-1

[Event "AUTO-INT-1611"]
[Site "http://www.queenalice.com/game.php?id=731626"]
[Date "2010.2.14"]
[Round "1"]
[White "renanr3"]
[Black "Mata_Rei"]
[Result "1-0"]
[WhiteElo "1280"]
[BlackElo "1377"]

1. e3 b6 2. b3 Bb7 3. Bb2 e6 4. f3 Nf6 5. c4 Be7 6. h4 d6 7. g4 Nxg4 8. Bxg7
Bxh4+ 9. Ke2 Nf2 10. Qe1 Rg8 11. Rxh4 Qxh4 12. Qxf2 Qxf2+ 13. Kxf2 Rxg7 14. Nc3
Nd7 15. Be2 Ke7 16. Nh3 Rag8 17. Nf4 Ne5 18. e4 f5 19. Rh1 fxe4 20. fxe4 Ng4+
21. Kf3 Ne5+ 22. Ke3 Rg3+ 23. Bf3 Rxf3+ 24. Ke2 Rxf4 25. Rxh7+ 1-0

[Event "AUTO-INT-1611"]
[Site "http://www.queenalice.com/game.php?id=731627"]
[Date "2010.2.14"]
[Round "1"]
[White "Mata_Rei"]
[Black "renanr3"]
[Result "1-0"]
[WhiteElo "1544"]
[BlackElo "1205"]

1. c4 d5 2. d4 e6 3. Nf3 dxc4 4. e4 Bb4+ 5. Nc3 Nf6 6. e5 Nd5 7. Bd2 f6 8. Bxc4
b6 9. O-O fxe5 10. Nxe5 h5 11. Qf3 c6 12. Qf7# 1-0

[Event "AUTO-INT-1611"]
[Site "http://www.queenalice.com/game.php?id=731628"]
[Date "2010.2.14"]
[Round "1"]
[White "renanr3"]
[Black "ricardofortaleza"]
[Result "1-0"]
[WhiteElo "1307"]
[BlackElo "1397"]

1. d3 d5 2. c4 dxc4 3. dxc4 Nc6 4. Nd2 e6 5. b3 Nf6 6. e3 Bb4 7. Nf3 O-O 8. a3
Bc5 9. Bb2 e5 10. Nxe5 Nxe5 11. Bxe5 Ng4 12. Bc3 Qf6 13. Bxf6 Nxf6 14. Qf3 Rd8
15. Ne4 Nxe4 16. Qxe4 Bd7 17. Bd3 Bxe3 18. Qxe3 c6 19. O-O g6 20. Rad1 b5 21.
cxb5 cxb5 22. Qe7 Bg4 23. f3 Bf5 24. Bxf5 Rxd1 25. Rxd1 gxf5 26. Rd7 b4 27.
Qxf7+ Kh8 28. Qxh7# 1-0

[Event "AUTO-INT-1611"]
[Site "http://www.queenalice.com/game.php?id=731629"]
[Date "2010.2.14"]
[Round "1"]
[White "ricardofortaleza"]
[Black "renanr3"]
[Result "0-1"]
[WhiteElo "1356"]
[BlackElo "1301"]

1. e4 e5 2. Nf3 d5 3. exd5 e4 4. Nd4 Qxd5 5. c3 Be7 6. Bb5+ c6 7. Be2 Qg5 8. d3
Qxg2 9. Kd2 Be6 10. c4 Nh6 11. Nxe6 fxe6 12. Bh5+ g6 13. Rg1 Qxf2+ 14. Kc3 Qxh2
15. dxe4 gxh5 16. Bxh6 Bc5 17. Qxh5+ Qxh5 18. Bf4 Qf3+ 19. Kc2 Bxg1 20. Bd2 Rg8
21. c5 Rg5 22. Bxg5 Qxe4+ 23. Kc1 Be3+ 24. Bxe3 Qxe3+ 25. Kc2 Na6 26. Nc3 Nxc5
27. Rd1 Rd8 28. Rxd8+ Kxd8 29. b4 h5 30. bxc5 h4 31. Kb3 h3 32. a4 h2 0-1

[Event "AUTO-INT-1611"]
[Site "http://www.queenalice.com/game.php?id=731630"]
[Date "2010.2.14"]
[Round "1"]
[White "renanr3"]
[Black "Chezzdevil"]
[Result "0-1"]
[WhiteElo "1257"]
[BlackElo "1942"]

1. d4 f5 2. e3 Nf6 3. c4 d6 4. b4 g6 5. f3 Bg7 6. a4 O-O 7. Qb3 c6 8. c5+ d5 9.
Ne2 Be6 10. Nf4 Bf7 11. Nc3 Nbd7 12. Qc2 e5 13. Nd3 exd4 14. exd4 Nh5 15. Be3
Qh4+ 16. Nf2 Rfe8 17. Qe2 Bxd4 18. g3 Nxg3 19. hxg3 Bxc3+ 20. Bd2 Rxe2+ 21. Bxe2
Bxd2+ 22. Kxd2 Qxb4+ 23. Kc2 Qxc5+ 24. Kd1 Qxf2 25. g4 d4 26. Ra3 Re8 27. Ra2
Bxa2 28. Re1 d3 29. Rf1 dxe2+ 30. Kc2 e1=N+ 31. Kc3 Qc5+ 32. Kb2 Re2+ 33. Ka1
Qc1# 0-1

[Event "AUTO-INT-1611"]
[Site "http://www.queenalice.com/game.php?id=731631"]
[Date "2010.2.14"]
[Round "1"]
[White "Chezzdevil"]
[Black "renanr3"]
[Result "1-0"]
[WhiteElo "1883"]
[BlackElo "1205"]

1. d4 d6 2. c4 d5 3. Nc3 dxc4 4. e4 e6 5. Bxc4 Bd6 6. Nf3 a6 7. O-O c6 8. Bg5
Qd7 9. e5 f6 10. exd6 fxg5 11. Bxe6 Qxe6 12. Re1 Nf6 13. Nxg5 Qxe1+ 14. Qxe1+
Kd8 15. Qe7# 1-0

[Event "Challenge"]
[Site "http://www.queenalice.com/game.php?id=735511"]
[Date "2010.2.21"]
[Round "-"]
[White "Petrucio"]
[Black "renanr3"]
[Result "0-1"]
[WhiteElo "1442"]
[BlackElo "1233"]

1. Nc3 d5 2. e4 c6 3. Nf3 dxe4 4. Nxe4 e6 5. Ne5 Qd5 6. Qh5 Qxe4+ 7. Be2 Nh6 8.
Rg1 Bd6 9. Qxf7+ Nxf7 10. Ng4 Nh6 11. d3 Qg6 12. h4 Nxg4 13. Rh1 Rf8 14. h5 Qf6
15. Bxg4 Qxf2+ 16. Kd1 Qxg2 17. Rh4 Rf1# 0-1

[Event "Challenge"]
[Site "http://www.queenalice.com/game.php?id=747806"]
[Date "2010.3.18"]
[Round "-"]
[White "Petrucio"]
[Black "renanr3"]
[Result "1-0"]
[WhiteElo "1384"]
[BlackElo "1279"]

1. e4 e6 2. e5 d5 3. Qh5 g6 4. Qg4 f6 5. f4 fxe5 6. fxe5 Bc5 7. Qa4+ Bd7 8. Qb3
Qg5 9. Nf3 Qf4 10. Qxb7 Bc6 11. Qxc7 Nd7 12. Qxc6 Qb4 13. Qxa8+ Nb8 14. a4 Ne7
15. c3 Qb3 16. Bb5+ Kf7 17. Ng5+ Kg7 18. Nxe6+ Kf7 19. Nxc5 1-0

[Event "AUTO-BEG-345"]
[Site "http://www.queenalice.com/game.php?id=760756"]
[Date "2010.4.14"]
[Round "2"]
[White "renanr3"]
[Black "josa23"]
[Result "0-1"]
[WhiteElo "1305"]
[BlackElo "1884"]

1. d3 d5 2. e3 Nc6 3. c4 dxc4 4. dxc4 Bf5 5. Na3 e6 6. f3 Bb4+ 7. Bd2 Bd3 8. Nb5
Bxf1 9. a3 Bxd2+ 10. Qxd2 Qxd2+ 11. Kxd2 O-O-O+ 12. Ke1 Bxc4 13. Nc3 Nf6 14.
Nge2 Rd7 15. Kf2 Rhd8 16. Rac1 Rd2 17. e4 Rxb2 18. Rhe1 Rdd2 19. Ke3 Bxe2 20.
Nxe2 Rdc2 21. Rcd1 Nd7 22. Nd4 Nxd4 23. Rxd4 Rb3+ 24. Rd3 Rxd3+ 25. Kxd3 Rxg2
26. Rh1 b5 27. Kc3 a5 28. Rb1 c6 29. a4 b4+ 30. Kb3 Rxh2 31. Rc1 Kc7 32. f4 Rh4
33. Rf1 Nc5+ 34. Kc4 Nxe4 35. Kd4 f5 0-1

[Event "AUTO-BEG-345"]
[Site "http://www.queenalice.com/game.php?id=760757"]
[Date "2010.4.14"]
[Round "2"]
[White "josa23"]
[Black "renanr3"]
[Result "1-0"]
[WhiteElo "1886"]
[BlackElo "1303"]

1. e4 e6 2. Nf3 d6 3. d4 Bd7 4. Nc3 g6 5. Be3 Bg7 6. Bd3 Bc6 7. Qd2 h6 8. h3 h5
9. O-O-O a6 10. Nh2 e5 11. d5 Bd7 12. f4 Qh4 13. fxe5 Bxe5 14. Nf3 Qf6 15. Bg5
Bf4 16. Qxf4 Qxf4+ 17. Bxf4 f6 18. Rhf1 g5 19. Be3 g4 20. hxg4 hxg4 21. Nd2 Bb5
22. Nxb5 axb5 23. a3 c6 24. Rh1 Rxh1 25. Rxh1 Ne7 26. Rh8+ Kd7 27. dxc6+ Nexc6
28. Bxb5 Ra5 29. Bxc6+ Nxc6 30. Rh4 Ne5 31. Bd4 Ra4 32. Bxe5 dxe5 33. Rxg4 Ra8
34. Nc4 Kc6 35. Rg6 Kc5 36. b3 1-0

[Event "AUTO-BEG-345"]
[Site "http://www.queenalice.com/game.php?id=760758"]
[Date "2010.4.14"]
[Round "2"]
[White "renanr3"]
[Black "Peppone"]
[Result "0-1"]
[WhiteElo "1307"]
[BlackElo "1856"]

1. b3 d5 2. d4 Nf6 3. Qd3 Nc6 4. f4 g6 5. Be3 Bg7 6. h3 O-O 7. a4 Ne4 8. Nf3 Bf5
9. g4 Ng3 10. Qb5 Nxh1 11. gxf5 Ng3 12. fxg6 fxg6 13. Ng5 Qd7 14. Nc3 e6 15.
Qxb7 h6 16. Nf3 Rab8 17. Qa6 Rb6 18. Qd3 Nb4 0-1

[Event "AUTO-BEG-345"]
[Site "http://www.queenalice.com/game.php?id=760759"]
[Date "2010.4.14"]
[Round "2"]
[White "Peppone"]
[Black "renanr3"]
[Result "1-0"]
[WhiteElo "1746"]
[BlackElo "1319"]

1. e4 e5 2. f4 f6 3. Nf3 exf4 4. Bc4 Ne7 5. O-O c6 6. d4 a6 7. Bxf4 b5 8. Bb3 d5
9. exd5 Nxd5 10. Re1+ Be7 11. Bxd5 Qxd5 12. Qe2 Bg4 13. Qxe7# 1-0

[Event "Challenge"]
[Site "http://www.queenalice.com/game.php?id=766625"]
[Date "2010.4.26"]
[Round "-"]
[White "Petrucio"]
[Black "renanr3"]
[Result "1-0"]
[WhiteElo "1386"]
[BlackElo "1327"]

1. f4 f5 2. e3 d6 3. Nc3 c6 4. Bc4 d5 5. Bb3 g6 6. Ba4 Qd6 7. Nh3 h6 8. Qe2 Bd7
9. d4 b5 10. Bb3 Na6 11. g4 Nb4 12. g5 a5 13. Rg1 a4 14. a3 axb3 15. cxb3 c5 16.
Kf2 1-0